| 000 | 01046nam a22001817a 4500 | ||
|---|---|---|---|
| 003 | NUST | ||
| 005 | 20221102103850.0 | ||
| 020 | _a9788121924345 | ||
| 082 | _a621.31,THE | ||
| 100 |
_aTheraja, B.L., _97131 |
||
| 245 |
_aA textbook of electrical technology Vol.II : _bAC and DC machines / _cB.L.Theraja, A.K.Theraja |
||
| 260 |
_aS.Chand & Company _bNew Delhi _c2015 |
||
| 300 | _axiii, 1568 | ||
| 505 | _aElements of Electro-mechanical Energy Conversion (Page-865), D.C. Generators (Page-887), Armature reaction and Commutation (Page-937), Generator Characteristics (Page-967), D.C. Motor (Page-995), Speed Control of D.C. Motors (Page-1031), Testing of D.C. Machines (Page-1091), Transformer (Page-1115), Transformer: Three Phase (Page-1211), Induction Motor (Page-1243), Computation and Circle Diagrams (Page-1313), Single-Phase Motors (Page-1367), Alternators (Page-1401), Synchronous Motor (Page-1489), Special Machines (Page-1535), | ||
| 650 |
_aAC and DC machines _9102233 |
||
| 651 |
_aelectrical technology _9102234 |
||
| 942 |
_2ddc _cBK |
||
| 999 |
_c592217 _d592217 |
||